000 00911nam a2200229Ii 4500
003 JO-AjNU
008 230605s9999||||xx |||||||||||||| ||und||
017 _a2004/16888
020 _a977-322-146-6
040 _aJO-AjNU
_bara
_erda
_cJO-AjNU
041 _aara
050 1 4 _aBM729.2005
100 3 _aيوسف،سوزان السعيد,
_eauthor
_913216
245 0 0 _aالمرأة في الشريعة اليهودية :حقوقها وواجباتها ،دراسة مقارنة مع حضارات الشرق الادنى القديم
250 _aط1
264 3 1 _aالقاهرة:عين للدراسات والبحوث الانسانية والاجتماعية ، 2005
300 _a189ص
336 _atext
_btxt
_2rdacontent
337 _aunmediated
_bn
_2rdamedia
338 _avolume
_bnc
_2rdacarrier
650 4 _aالمرأة في الشريعة اليهودية-حقوقها وواجباتها
_913217
999 _aA3232
_c6800
_d6800